000 02369nam a22002777a 4500
999 _c21951
_d21951
003 AR-CdUCM
008 190425b ||||| |||| 00| 0 spa d
040 _aMUNICIPALIDAD PROVINCIAL DEL CUSCO
_cBIBLIOTECA MUNICIPAL DEL CUSCO
082 _aCantua/N°1/1974
245 _aRevista Cantua /
_cÓrgano del Centro de estudiantes de Ciencias Biológicas
260 _aCusco :
_bÓrgano del Centro de estudiantes de Ciencias Biológicas,
_c1974.
300 _a54 páginas. :
_bilustraciones ;
_c34 cm.
440 _aCantua
_nVolumen I. Número 1. Primer trimestre, 1974
_946968
505 _aContenido: La energía vegetal y el hombre. -- Horacio Zamalloa Díaz. -- Técnicas actualizadas en el control de insectos. José Luna Cáceres. -- Las especies forestales del bosque sabanero del valle de La Convención. Chávez Alfaro Rene. -- Virus ganster de las células sanas. -- La flora halófita del valle del Cusco. Rosario Zegarra Zegarra. -- Importancia de educar a la comunidad para el uso racional y científico del poder curativo de las plantas. Antonio Soto Torres. -- Control biológico posibilidad saludable de combatir insectos dañinos. Verónica Marces Carrasco. -- Que es la sangre artificial y para que sirve. Carmen Zegarra Vargas. -- Descubrimientos de enfermedades a través de los colores. Lourdes Gonzales. -- Factores socio culturales de las propagación de las enfermedades venéreas. José Cáceres Pilares. -- Algas para mejorar las deficiencias nutritivas en todo el mundo. Gloria Coronavo Palma. -- Los árboles y su importancia en zonas urbanas. Eduardo Gil Mora. -- Guerra y esclavitud entre las hormigas. José Luna. -- Algunas consideraciones sobre la enseñanza actualizada de las Ciencias Biológicas. -- En defensa de nuestra riqueza forestal. Efraín Molleapaza Ariste. -- El primer Kumbha Mela en América. Eduardo Mimbela Cantuarias. -- Se identifican 12 especies de moluscos en los alrededores de Sicuani. Ángel Flores Bustamante.
650 _aBiología
_9881
650 _aEcología
_94960
650 _aInsectos
_946969
650 _aCusco
_9772
700 _aZamalloa Díaz, Horacio
_946081
700 _aLuna Cáceres, José
_946970
700 _aChávez Alfaro, Rene
_946971
700 _aGil Mora, Eduardo
_946972
710 _aUniversidad Nacional de San Antonio Abad del Cusco
_915942
942 _2ddc
_cPP
945 _arac